000 00494nam a2200133 a 4500
008 120416s1997 ||||||||||||||||| || u
050 _aTHESIS
100 _aYunga, O
245 1 0 _aTrain and bus interchange
246 _aKapiri Mposhi
260 _aKitwe
_bCopperbelt University, School of Built Environment, Department of Architecture
_c1997
350 _a0.00
995 _D0.00
_FCBU-MAIN LIBRARY (Kitwe)
_H1
_I0.00
_UAVAILABLE
_ZUniversity Collection
999 _c60259
_d60259